Obujte se do barev
Oživenie tradičných českých značiek športovej obuvi - Botas a Prestige. Firemná webová stránka, kde si užívatelia budú môcť navrhnúť vlastný farebný model prestížiek. Predaj značky Prestige ako pracovnej obuvi. Marketingová komunikácia firmy Moleda, ktorá značku Prestige vyrába. Redizajn značky Bota...
Na minha lista:
| Autor principal: | |
|---|---|
| Formato: | Capítulo de Livro |
| Idioma: | tcheco |
| Assuntos: | |
| Tags: |
Sem tags, seja o primeiro a adicionar uma tag!
|
MARC
| LEADER | 00000naa$a2200000$$$4500 | ||
|---|---|---|---|
| 001 | 0108458 | ||
| 005 | 20231019093918.1 | ||
| 041 | 0 | |a cze | |
| 044 | |a CZ | ||
| 245 | 1 | 0 | |a Obujte se do barev |c Veronika Bartošová |
| 520 | |a Oživenie tradičných českých značiek športovej obuvi - Botas a Prestige. Firemná webová stránka, kde si užívatelia budú môcť navrhnúť vlastný farebný model prestížiek. Predaj značky Prestige ako pracovnej obuvi. Marketingová komunikácia firmy Moleda, ktorá značku Prestige vyrába. Redizajn značky Botas Classic. | ||
| 610 | 2 | 0 | |a obuv |
| 610 | 2 | 0 | |a šport |
| 610 | 2 | 0 | |a značky výrobkov |
| 610 | 2 | 0 | |a firmy |
| 610 | 2 | 0 | |a komunikácia marketingová |
| 610 | 2 | 0 | |a zákazníci |
| 610 | 2 | 0 | |a predaj |
| 610 | 2 | 0 | |a internet |
| 610 | 2 | 0 | |a Česko |
| 100 | 1 | |a Bartošová, Veronika | |